<?xml version="1.0" encoding="UTF-8"?>
<record
    xmlns:xsi="http://www.w3.org/2001/XMLSchema-instance"
    xsi:schemaLocation="http://www.loc.gov/MARC21/slim http://www.loc.gov/standards/marcxml/schema/MARC21slim.xsd"
    xmlns="http://www.loc.gov/MARC21/slim">

  <leader>02557    a2200301   4500</leader>
  <controlfield tag="003">NALT</controlfield>
  <controlfield tag="005">20240607141513.0</controlfield>
  <controlfield tag="008">240402b        th ||||| |||| 00| 0 tha d</controlfield>
  <datafield tag="020" ind1=" " ind2=" ">
    <subfield code="a">9786160451326</subfield>
  </datafield>
  <datafield tag="040" ind1=" " ind2=" ">
    <subfield code="a">NALT</subfield>
  </datafield>
  <datafield tag="041" ind1="1" ind2=" ">
    <subfield code="a">tha</subfield>
    <subfield code="h">jpn </subfield>
  </datafield>
  <datafield tag="050" ind1=" " ind2=" ">
    <subfield code="a">BF 636</subfield>
    <subfield code="b">&#xE04;979&#xE04; 2564</subfield>
  </datafield>
  <datafield tag="100" ind1="1" ind2=" ">
    <subfield code="a">&#xE42;&#xE04;&#xE30;&#xE21;&#xE34;&#xE22;&#xE30;, &#xE42;&#xE19;&#xE30;&#xE42;&#xE1A;&#xE30;&#xE23;&#xE38;</subfield>
    <subfield code="9">63560</subfield>
  </datafield>
  <datafield tag="245" ind1="1" ind2="0">
    <subfield code="a">&#xE04;&#xE19;&#xE41;&#xE1A;&#xE1A;&#xE44;&#xE2B;&#xE19;&#xE2D;&#xE22;&#xE39;&#xE48;&#xE14;&#xE49;&#xE27;&#xE22;&#xE41;&#xE25;&#xE49;&#xE27;&#xE2A;&#xE1A;&#xE32;&#xE22;&#xE43;&#xE08; &#xE04;&#xE19;&#xE41;&#xE1A;&#xE1A;&#xE44;&#xE2B;&#xE19;&#xE2D;&#xE22;&#xE39;&#xE48;&#xE43;&#xE01;&#xE25;&#xE49;&#xE41;&#xE25;&#xE49;&#xE27;&#xE40;&#xE1E;&#xE25;&#xE35;&#xE22; =</subfield>
    <subfield code="b">Isshoniite rakuna hito, tsukareru hito /</subfield>
    <subfield code="c">Komiya Noboru, &#xE40;&#xE02;&#xE35;&#xE22;&#xE19; ; &#xE08;&#xE34;&#xE15;&#xE23;&#xE25;&#xE14;&#xE32; &#xE21;&#xE35;&#xE40;&#xE2A;&#xE21;&#xE32;, &#xE41;&#xE1B;&#xE25;.</subfield>
  </datafield>
  <datafield tag="246" ind1="3" ind2="1">
    <subfield code="a">Isshoniite rakuna hito, tsukareru hito.</subfield>
  </datafield>
  <datafield tag="250" ind1=" " ind2=" ">
    <subfield code="a">&#xE1E;&#xE34;&#xE21;&#xE1E;&#xE4C;&#xE04;&#xE23;&#xE31;&#xE49;&#xE07;&#xE17;&#xE35;&#xE48; 1.</subfield>
  </datafield>
  <datafield tag="260" ind1=" " ind2=" ">
    <subfield code="a">&#xE01;&#xE23;&#xE38;&#xE07;&#xE40;&#xE17;&#xE1E;&#xE2F; : </subfield>
    <subfield code="b">&#xE2D;&#xE34;&#xE19;&#xE2A;&#xE1B;&#xE32;&#xE22;&#xE23;&#xE4C;, </subfield>
    <subfield code="c">2564.</subfield>
  </datafield>
  <datafield tag="300" ind1=" " ind2=" ">
    <subfield code="a">224 &#xE2B;&#xE19;&#xE49;&#xE32; : </subfield>
    <subfield code="b">&#xE20;&#xE32;&#xE1E;&#xE1B;&#xE23;&#xE30;&#xE01;&#xE2D;&#xE1A; ; </subfield>
    <subfield code="c">18 &#xE0B;&#xE21;.</subfield>
  </datafield>
  <datafield tag="505" ind1="2" ind2=" ">
    <subfield code="a">&#xE1A;&#xE17;&#xE17;&#xE35;&#xE48; 1 &#xE04;&#xE27;&#xE32;&#xE21;&#xE15;&#xE48;&#xE32;&#xE07;&#xE17;&#xE35;&#xE48;&#xE40;&#xE2B;&#xE47;&#xE19;&#xE44;&#xE14;&#xE49;&#xE0A;&#xE31;&#xE14; 8 &#xE1B;&#xE23;&#xE30;&#xE01;&#xE32;&#xE23; &#xE23;&#xE30;&#xE2B;&#xE27;&#xE48;&#xE32;&#xE07; "&#xE04;&#xE19;&#xE17;&#xE35;&#xE48;&#xE2D;&#xE22;&#xE39;&#xE48;&#xE14;&#xE49;&#xE27;&#xE22;&#xE41;&#xE25;&#xE49;&#xE27;&#xE2A;&#xE1A;&#xE32;&#xE22;&#xE43;&#xE08;" &#xE01;&#xE31;&#xE1A; "&#xE04;&#xE19;&#xE17;&#xE35;&#xE48;&#xE2D;&#xE22;&#xE39;&#xE48;&#xE14;&#xE49;&#xE27;&#xE22;&#xE41;&#xE25;&#xE49;&#xE27;&#xE40;&#xE1E;&#xE25;&#xE35;&#xE22;" -- &#xE1A;&#xE17;&#xE17;&#xE35;&#xE48; 2 10 &#xE27;&#xE34;&#xE18;&#xE35;&#xE40;&#xE1B;&#xE25;&#xE35;&#xE48;&#xE22;&#xE19;&#xE15;&#xE31;&#xE27;&#xE40;&#xE2D;&#xE07;&#xE43;&#xE2B;&#xE49;&#xE40;&#xE1B;&#xE47;&#xE19;&#xE04;&#xE19;&#xE17;&#xE35;&#xE48;&#xE2D;&#xE22;&#xE39;&#xE48;&#xE14;&#xE49;&#xE27;&#xE22;&#xE41;&#xE25;&#xE49;&#xE27;&#xE2A;&#xE1A;&#xE32;&#xE22;&#xE43;&#xE08; -- &#xE1A;&#xE17;&#xE17;&#xE35;&#xE48; 3 "&#xE1C;&#xE39;&#xE49;&#xE1F;&#xE31;&#xE07;" &#xE41;&#xE1A;&#xE1A;&#xE44;&#xE2B;&#xE19;&#xE17;&#xE35;&#xE48;&#xE2D;&#xE35;&#xE01;&#xE1D;&#xE48;&#xE32;&#xE22;&#xE2D;&#xE22;&#xE32;&#xE01;&#xE1E;&#xE39;&#xE14;&#xE14;&#xE49;&#xE27;&#xE22;  "&#xE1C;&#xE39;&#xE49;&#xE1F;&#xE31;&#xE07;" &#xE41;&#xE1A;&#xE1A;&#xE44;&#xE2B;&#xE19;&#xE17;&#xE35;&#xE48;&#xE2D;&#xE35;&#xE01;&#xE1D;&#xE48;&#xE32;&#xE22;&#xE44;&#xE21;&#xE48;&#xE2D;&#xE22;&#xE32;&#xE01;&#xE1E;&#xE39;&#xE14;&#xE14;&#xE49;&#xE27;&#xE22; &#xE1D;&#xE36;&#xE01;&#xE17;&#xE31;&#xE01;&#xE29;&#xE30;&#xE01;&#xE32;&#xE23;&#xE1F;&#xE31;&#xE07;&#xE17;&#xE35;&#xE48;&#xE14;&#xE35; -- &#xE1A;&#xE17;&#xE17;&#xE35;&#xE48; 4 &#xE16;&#xE49;&#xE32;&#xE1E;&#xE22;&#xE32;&#xE22;&#xE32;&#xE21;&#xE41;&#xE25;&#xE49;&#xE27;&#xE01;&#xE47;&#xE22;&#xE31;&#xE07;&#xE40;&#xE1B;&#xE47;&#xE19; "&#xE04;&#xE19;&#xE17;&#xE35;&#xE48;&#xE2D;&#xE22;&#xE39;&#xE48;&#xE14;&#xE49;&#xE27;&#xE22;&#xE41;&#xE25;&#xE49;&#xE27;&#xE2A;&#xE1A;&#xE32;&#xE22;&#xE43;&#xE08;" &#xE44;&#xE21;&#xE48;&#xE44;&#xE14;&#xE49; &#xE27;&#xE34;&#xE18;&#xE35;&#xE40;&#xE22;&#xE35;&#xE22;&#xE27;&#xE22;&#xE32; "&#xE1A;&#xE32;&#xE14;&#xE41;&#xE1C;&#xE25;&#xE43;&#xE19;&#xE08;&#xE34;&#xE15;&#xE43;&#xE08;" &#xE17;&#xE35;&#xE48;&#xE0B;&#xE48;&#xE2D;&#xE19;&#xE2D;&#xE22;&#xE39;&#xE48;&#xE43;&#xE19;&#xE15;&#xE31;&#xE27;&#xE04;&#xE38;&#xE13; -- &#xE1A;&#xE17;&#xE2A;&#xE48;&#xE07;&#xE17;&#xE49;&#xE32;&#xE22; &#xE2A;&#xE34;&#xE48;&#xE07;&#xE17;&#xE35;&#xE48;&#xE2A;&#xE33;&#xE04;&#xE31;&#xE0D;&#xE17;&#xE35;&#xE48;&#xE2A;&#xE38;&#xE14;.</subfield>
  </datafield>
  <datafield tag="650" ind1=" " ind2="4">
    <subfield code="a">&#xE08;&#xE34;&#xE15;&#xE27;&#xE34;&#xE17;&#xE22;&#xE32;&#xE1B;&#xE23;&#xE30;&#xE22;&#xE38;&#xE01;&#xE15;&#xE4C;</subfield>
    <subfield code="9">42091</subfield>
  </datafield>
  <datafield tag="650" ind1=" " ind2="4">
    <subfield code="a">&#xE04;&#xE27;&#xE32;&#xE21;&#xE2A;&#xE31;&#xE21;&#xE1E;&#xE31;&#xE19;&#xE18;&#xE4C;&#xE23;&#xE30;&#xE2B;&#xE27;&#xE48;&#xE32;&#xE07;&#xE1A;&#xE38;&#xE04;&#xE04;&#xE25; </subfield>
    <subfield code="9">15756</subfield>
  </datafield>
  <datafield tag="650" ind1=" " ind2="4">
    <subfield code="a">&#xE21;&#xE19;&#xE38;&#xE29;&#xE22;&#xE2A;&#xE31;&#xE21;&#xE1E;&#xE31;&#xE19;&#xE18;&#xE4C;</subfield>
    <subfield code="9">40687</subfield>
  </datafield>
  <datafield tag="700" ind1="1" ind2=" ">
    <subfield code="a">Komiya, Noboru</subfield>
    <subfield code="9">63561</subfield>
  </datafield>
  <datafield tag="700" ind1="0" ind2=" ">
    <subfield code="a">&#xE08;&#xE34;&#xE15;&#xE23;&#xE25;&#xE14;&#xE32; &#xE21;&#xE35;&#xE40;&#xE2A;&#xE21;&#xE32;</subfield>
    <subfield code="9">63562</subfield>
  </datafield>
  <datafield tag="942" ind1=" " ind2=" ">
    <subfield code="c">GB</subfield>
    <subfield code="2">lcc</subfield>
  </datafield>
  <datafield tag="996" ind1=" " ind2=" ">
    <subfield code="a">saiphon.d</subfield>
    <subfield code="b">CATSTF	</subfield>
    <subfield code="c">2024-04-02</subfield>
  </datafield>
  <datafield tag="999" ind1=" " ind2=" ">
    <subfield code="c">104891</subfield>
    <subfield code="d">104891</subfield>
  </datafield>
  <datafield tag="998" ind1=" " ind2=" ">
    <subfield code="j">8</subfield>
    <subfield code="k"> &#xE19;&#xE32;&#xE22;&#xE1A;&#xE31;&#xE13;&#xE11;&#xE34;&#xE15;  &#xE2D;&#xE38;&#xE17;&#xE32;&#xE27;&#xE07;&#xE04;&#xE4C;</subfield>
  </datafield>
  <datafield tag="952" ind1=" " ind2=" ">
    <subfield code="0">0</subfield>
    <subfield code="1">0</subfield>
    <subfield code="2">lcc</subfield>
    <subfield code="4">0</subfield>
    <subfield code="7">0</subfield>
    <subfield code="8">CGBL</subfield>
    <subfield code="a">NALT</subfield>
    <subfield code="b">NALT</subfield>
    <subfield code="c">GEN</subfield>
    <subfield code="d">2024-03-14</subfield>
    <subfield code="e">193</subfield>
    <subfield code="l">5</subfield>
    <subfield code="m">2</subfield>
    <subfield code="o">BF 636 &#xE04;979&#xE04; 2564</subfield>
    <subfield code="p">3961222780</subfield>
    <subfield code="r">2024-06-11 00:00:00</subfield>
    <subfield code="s">2024-06-07</subfield>
    <subfield code="w">2024-03-14</subfield>
    <subfield code="y">GB</subfield>
  </datafield>
</record>
